Environmental chemistry

Uloženo v:
Podrobná bibliografie
Hlavní autor: Manahan, Stanley E. (autor)
Médium: Kniha
Jazyk:angličtina
Vydáno: Boca Ratón Lewis 1994
Vydání:6a. ed
Témata:
Tagy: Přidat tag
Žádné tagy, Buďte první, kdo vytvoří štítek k tomuto záznamu!

MARC

LEADER 00000nam a2200000 a 4500
001 UCZ0298
003 CL-VaPUC
008 950728e19940000US |||||||||||||||||eng|d
082 0 4 |a 577.14  |b MAN  |2 21 
100 |a Manahan, Stanley E.  |e autor  |9 553503 
245 1 0 |a Environmental chemistry 
250 |a 6a. ed 
300 |a 811 p 
942 |c BK 
945 |d 19950728 00:00:00  |a awong 
260 |a Boca Ratón  |b Lewis  |c 1994 
650 7 |a QUIMICA DEL MEDIO AMBIENTE  |2 CL-VaPUC  |9 306783 
650 0 |a Química del agua   |9 261152 
650 0 |a Atmósfera terrestre   |9 343034 
650 7 |a CONTAMINACION DE LA ATMOSFERA  |2 CL-VaPUC  |9 343035 
650 0 |a Residuos   |9 343036 
583 |a last modification  |c 19950728 00:00:00  |k Rodrigo Vera 
999 |c 237252  |d 237250 
952 |0 0  |1 0  |4 0  |6 577_140000000000000_MAN_1994  |7 0  |8 A  |9 246148  |a BIBCUR  |b BIBCUR  |d 2019-11-18  |i 3114589  |o 577.14 MAN 1994  |p 3114589  |r 2025-04-22  |w 2019-11-18  |y BK  |k QUI